00918nam a2200253 a 450000100100000000500170001000800410002702000150006804000250008304100380010808200150014610000280016124000300018924501320021926000380035130000210038949000160041053400380042670000330046483000220049704900090051995201190052899900170064700002540820200930023752.0110215s2001 mx r 000 0 spa d a9681907949 aDO-SdBNPbspacBNPHU17aspaheng2Código de idioma MARC aNNNbG453u1 aGiddens, Anthony95024610aRunaway worldlEspañol.10aUn mundo desbocado :blos efectos de la globalización en nuestras vidas /cAnthony Giddens ; traducción de Pedro Cifuentes. aMéxico, D. F. :bTaurus,c2001. a117 p. ;c22 cm.1 aPensamiento aTítulo original:tRunaway world1 aCifuentes, Pedroetr.952011 0aPensamiento99245 aBNGR 001054708MOaGRbGRcCTd2011-02-15iLF1l0oNNN G453up25408-10r2020-06-25w2020-06-25y4ZPréstamo en sala c24900d24900